Guess the TV Show - Statistics

General Stats
  • This quiz has been taken 26 times
    6 since last reset
  • The average score is 14 of 37
Answer Stats
Hint Answer % Correct
A young Clark Kent grows up in Kansas and knows Lex Luthor quite well Smallville
80%
FBI agent Booth works with forensic anthropologists to solve murder cases Bones
60%
A cheerleader moves to a hellmouth to fight the supernatural Buffy the Vampire Slayer
60%
The dramatic wives of suburban Wisteria Lane are watched over by a deceased friend Desperate Housewives
60%
A serial killer chooses to prey on other killers while working as a blood-splatter analyst Dexter
60%
Follows the exploits of a small Texas highschool football team and their hopes for a championship Friday Night Lights
60%
The residents of a small town in Western Kansas must work to maintain civility after nuclear bombs are detonated around the country Jericho
60%
Cylons nearly wipeout humanity and the survivors must find the humanoids among them Battlestar Galactica
40%
Human and aliens try (and often fail) to coexist in future St. Louis, MO Defiance
40%
This show has been rebooted several times through regeneration Doctor Who
40%
Depicts the upstairs and downstairs' lives of a British Estate throughout the early 1900s Downton Abbey
40%
A former professor joins the militia to protect his sons after an alien invasion Falling Skies
40%
"Save the cheerleader, save the world" and it's all downhill from there Heroes
40%
A cynical, vicodin-addicted doctor runs a team that works to diagnose rare diseases House
40%
An astronaut uncovers & releases a genie from her lamp and she gives him infinite wishes while falling in love I Dream of Jeannie
40%
A doctor pays off his loans by working in a remote Alaskan bush village Northern Exposure
40%
A WW2 nurse gets sent back in time through some Scottish stones and romantic adventures ensue Outlander
40%
An observant unemployed man and his pharmaceutical salesman best friend open a clairvoyant detective agency Psych
40%
15 years ago the power went out. Now there may be a way to turn it back on. Revolution
40%
This brief show has from the future relocating to the past, when dinosaurs roamed Terra Nova
40%
Takes place in an alternate history where Germany develops the nuclear bomb first and the Axis splits American Territory The Man in the High Castle
40%
The OG anthology series depicting different sci-fi horror plots The Twilight Zone
40%
Follows the White House staff through the two-terms of President Bartlett The West Wing
40%
A double-agent spy works to protect her cover and uncover Rambaldi artifacts Alias
20%
A demon and angel are longtime friends and work to prevent the apocalypse Good Omens
20%
A descendent of fairytale authors works with a werewolf (blutbad) and his detective partner to protect the human world Grimm
20%
A phobia ridden police consultant with OCD works with the San Francisco Police Dept. Monk
20%
Set in Chicago it follows the lives of the six Gallagher children as they scrape to get by and deal with mental health issues Shameless
20%
It turns out this medical drama took place inside of a snow globe miniature of the hospital St. Elsewhere
20%
An effervescent American-football coach moves to England to head a premier soccer team Ted Lasso
20%
Reboot of a supernatural 1985 movie, basketball is swapped out for lacrosse Teen Wolf
20%
A southern interrogator works to solve high-profile murder cases in LA The Closer
20%
Four recently deceased people work on self-improvement and personal fulfillment to keep their residency The Good Place
20%
A pair of detectives work to uncover the secrets behind the disappearance of Rosie Larsen in Seattle The Killing
20%
People can have their minds digitized to live in a virtual world post-mortem, but should they? Upload
20%
The daughter of a former sheriff works as a private investigator to solve the murder of her friend Veronica Mars
20%
Ragnar Lothbrok and his sons gain power through conducting raids across Europe Vikings
20%
No matching quizzes found
Score Distribution
Percent of People with Each Score
Percentile by Number Answered
Your Score History
You have not taken this quiz since the last reset